书目信息 |
| 题名: |
统一战线概论
|
|
| 作者: | 林远 主编 | |
| 分册: | ||
| 出版信息: | 上海 华东师范大学出版社 1987 |
|
| 页数: | 286页 | |
| 开本: | 20cm | |
| 丛书名: | ||
| 单 册: | ||
| 中图分类: | D613 | |
| 科图分类: | ||
| 主题词: | 革命--统一战线--中国 | |
| 电子资源: | ||
| ISBN: | 7-5617-0028-8 | |
| 000 | 00606nam0 2200217 45 | |
| 001 | 0187001627 | |
| 005 | 20050616170447.1 | |
| 010 | @a7-5617-0028-8@dCNY2.10 | |
| 100 | @a19900808d1987 emky0chiy0121 ea | |
| 101 | 0 | @achi |
| 102 | @aCN@b310000 | |
| 105 | @ay z 000yy | |
| 200 | 10 | @a统一战线概论@Atong yi zhan xian gai lun@f林远主编@FLin Yuan Zhu Bian |
| 210 | @a上海@c华东师范大学出版社@d1987 | |
| 215 | @a286页@d20cm | |
| 606 | @a革命@x统一战线@x中国 | |
| 690 | @aD613@v3 | |
| 701 | 0 | @a林远@4主编 |
| 801 | 0 | @aCN@b深圳图书馆@c20040422 |
| 801 | 2 | @aCN@bNLC@c20040422 |
| 905 | @dD613@e42@f1@b237072 | |
| 统一战线概论/林远主编.-上海:华东师范大学出版社,1987 |
| 286页;20cm |
| ISBN 7-5617-0028-8:CNY2.10 |
| ● |
| 相关链接 |
|
|
|
|
正题名:统一战线概论
索取号:D613/42
 
预约/预借
| 序号 | 登录号 | 条形码 | 馆藏地/架位号 | 状态 | 备注 |
| 1 | 0237070 | 000486343 | 密集书库/ [索取号:D613/42] | 在馆 | |
| 2 | 0237071 | 001440337 | 密集书库/ [索取号:D613/42] | 在馆 | |
| 3 | 0237072 | 202392151 | 第一样本阅览室/ [索取号:D613/42] | 在馆 |